Liste des 10 des plus gros pays consommateurs de cannabis - Statistiques

Statistiques générales
  • Ce quiz a été pris 464 fois
  • Le résultat moyen est 4 sur 10
Statistiques - réponses
Hint Réponse % Correct
11.1% France
97%
15% USA
92%
12.7% Canada
77%
10.2% Australie
40%
10.9% Jamaique
38%
11% Nouvelle-Zélande
20%
11.8% Chili
17%
18.3% Islande
11%
14.3% Nigeria
4%
9.5% Zambie
1%
Aucun quiz correspondant
Distribution des résultats
% des personnes avec chaque résultat
Percentile par nombre de réponses
Votre historique - résultats
Vous n’avez pas pris ce quiz